000 00366nam a2200133Ia 4500
008 100328s9999 xx 000 0 und d
082 _b1125
100 _aGreene Graham
245 _aThe Third Man And The Fallen Idol
260 _bWilliam Heinemann
630 _aThe Third Man And The Fallen Idol
730 _aThe Third Man And The Fallen Idol
942 _cBOOK
999 _c497421
_d497418